Silly stories to tickle your funny bone / (Record no. 7089)

MARC details
000 -LEADER
fixed length control field 01817cam a2200373 a 4500
001 - CONTROL NUMBER
control field 7089
003 - CONTROL NUMBER IDENTIFIER
control field FISKH
005 - DATE AND TIME OF LATEST TRANSACTION
control field 20250620135258.0
008 - FIXED-LENGTH DATA ELEMENTS--GENERAL INFORMATION
fixed length control field 001108s2000 nyua b 000 1 eng d
010 ## - LIBRARY OF CONGRESS CONTROL NUMBER
LC control number 00708628
020 ## - INTERNATIONAL STANDARD BOOK NUMBER
International Standard Book Number 1587170345 (lib. bdg.)
020 ## - INTERNATIONAL STANDARD BOOK NUMBER
International Standard Book Number 1587170337 (pbk.)
020 ## - INTERNATIONAL STANDARD BOOK NUMBER
International Standard Book Number 9781587170331
035 ## - SYSTEM CONTROL NUMBER
System control number (OCoLC)ocm44804389
040 ## - CATALOGING SOURCE
Original cataloging agency EOW
Transcribing agency EOW
Modifying agency DLC
Language of cataloging eng
050 ## - LIBRARY OF CONGRESS CALL NUMBER
Classification number PZ5 .S5885
082 ## - DEWEY DECIMAL CLASSIFICATION NUMBER
Classification number 811.54
100 ## - MAIN ENTRY--PERSONAL NAME
Personal name Anonymous
245 00 - TITLE STATEMENT
Title Silly stories to tickle your funny bone /
Statement of responsibility, etc. Featuring William Joyce, James Marshall, Dav Pilkey and others
260 ## - PUBLICATION, DISTRIBUTION, ETC.
Place of publication, distribution, etc. New York :
Name of publisher, distributor, etc. SeaStar Books,
Date of publication, distribution, etc. 2000.
300 ## - PHYSICAL DESCRIPTION
Extent 64 pages :
Other physical details color illustrations ;
Dimensions 21 cm
440 #0 - SERIES STATEMENT/ADDED ENTRY--TITLE
Title Reading rainbow readers
505 0# - FORMATTED CONTENTS NOTE
Formatted contents note Pizza time (from Fox on the job) / by James Marshall -- There was a man dressed all in cheese (from Whiskers and rhymes) / by Arnold Lobel -- Dragon sees the day (from Dragon gets by) / by Dav Pilkey -- Here and there (from Silly times with two silly trolls) / by Nancy Jewell ; pictures by Lisa Thiesing -- Sea horse and sawhorse (from One winter night in August) / by X.J. Kennedy ; picture by Henry Cole -- A Wiggly, jiggly, joggly, tooth / by Bill Hawley ; pictures by William Joyce -- My little brother is really weird (from Making friends with Frankenstein) / by Colin McNaughton -- Wallpaper (from Poppleton forever) / by Cynthia Rylant ; pictures by Mark Teague.
505 0# - FORMATTED CONTENTS NOTE
Formatted contents note O<br/>
520 ## - SUMMARY, ETC.
Summary, etc. A collection of easy to read silly stories and poems.
521 8# - TARGET AUDIENCE NOTE
Target audience note 600<br/>
Source Lexile estimate<br/>
521 8# - TARGET AUDIENCE NOTE
Target audience note O<br/>
Source Raz-Plus<br/>
650 #0 - SUBJECT ADDED ENTRY--TOPICAL TERM
Topical term or geographic name entry element Nonsense verses, American.
650 #0 - SUBJECT ADDED ENTRY--TOPICAL TERM
Topical term or geographic name entry element Children's poetry, American.
650 #1 - SUBJECT ADDED ENTRY--TOPICAL TERM
Topical term or geographic name entry element Wit and humor
Form subdivision Literary collections.
906 ## - LOCAL DATA ELEMENT F, LDF (RLIN)
a 7
b cbc
c copycat
d 3
e ncip
f 20
g y-gencatlg
942 ## - ADDED ENTRY ELEMENTS (KOHA)
Source of classification or shelving scheme Dewey Decimal Classification
Koha item type Books
Suppress in OPAC No
Holdings
Withdrawn status Lost status Source of classification or shelving scheme Damaged status Not for loan Collection Home library Current library Shelving location Date acquired Total Checkouts Full call number Barcode Date last seen Date last checked out Copy number Price effective from Koha item type
    Dewey Decimal Classification     Juvenile Fiction Footprints International School Library Network Toul Kork Campus Footprints International School Library Network Toul Kork Campus TK Primary Library Room(4th Floor), Bookcase 3&4, Shelves 17-32, Yellow Books 06/20/2025 1 ANO 811.54 PZ5 .S5885 FISTK03964 04/23/2026 04/09/2026 1 06/20/2025 Books